| 000 | 00398nam a2200181Ia 4500 | ||
|---|---|---|---|
| 005 | 20250425161844.0 | ||
| 008 | 250425s9999 xx 000 0 und d | ||
| 041 | _aspa | ||
| 082 | _a658 | ||
| 245 | 0 | _aCASOS INCAE | |
| 250 | _a1A ED. | ||
| 260 |
_aColombia _bEADA _c1989 |
||
| 260 | _aMEDELLÍN | ||
| 300 | _a200 | ||
| 650 | _aADMINISTRACION DE PROYECTOS | ||
| 942 | _c01 | ||
| 010 | _a32507 | ||
| 999 |
_c217507 _d217507 |
||